000 00545nam a22002057a 4500
003 OSt
005 20160205185710.0
008 160205b xxu||||| |||| 00| 0 eng d
020 _a9788120317093
040 _cDDC.
082 _a372.6 KAU2000.
100 _aKaul,Asha;
_96732
245 _aEffective Business Communication.
250 _aEastern economy ed.
260 _aNew Delhi;
_bPrentice Hall of India.
_c2000.
300 _aviii,172p;
_bill;
_c24cm
504 _aincludes index
650 _aCommunication.
_91820
942 _2ddc
_cSLOAN
999 _c2991
_d2991